00633nam a2200205Ia 450000500170000000800410001702000150005808200130007310000140008624500780010026000490017830000130022765000130024065000140025365000110026765000330027894200060031195200950031799900150041220250120054722.0240331s9999 xx 000 0 und d a9559102088 bTAMa920 aTampoe, M 4aThe story of Selestina Dias :bBuddhist female philanthropy and education aColombobSocial Scientists Associationc1997 a128 p ., aReligion aEducation aSocial aBuddhist Female philanthropy cL 001040708LaWERCLbWERCLcSSCd2024-03-31l0o 920 TAMp2518r2024-03-31w2024-03-31yL c3473d3473